LEADER 01700nam 2200421I 450 001 9910713471903321 005 20200422085817.0 035 $a(CKB)5470000002500932 035 $a(OCoLC)1151543507 035 $a(EXLCZ)995470000002500932 100 $a20200422j197108 ua 0 101 0 $aeng 135 $aur||||||||||| 181 $ctxt$2rdacontent 182 $cc$2rdamedia 183 $acr$2rdacarrier 200 10$aExhaust emissions from controlled and uncontrolled vehicles using the "Pollution Master" emission control device /$fJohn C. Thomson 210 1$a[Ann Arbor, Mich.?] :$cOffice of Air Programs, Environmental Protection Agency,$dAugust 1971. 215 $a1 online resource (approximately 32 pages) $cillustrations 300 $a"August 1971." 300 $a"72-1." 300 $aReport number assigned by the National Service Center for Environmental Publications (NSCEP); TAEB721. 300 $aChiefly tables. 606 $aMotor vehicles$xPollution control devices$xTesting 606 $aAutomobiles$xMotors$xExhaust gas$xMeasurement 606 $aAir$xPollution$xResearch 608 $aTechnical reports.$2lcgft 615 0$aMotor vehicles$xPollution control devices$xTesting. 615 0$aAutomobiles$xMotors$xExhaust gas$xMeasurement. 615 0$aAir$xPollution$xResearch. 700 $aThomson$b John C.$065120 712 02$aUnited States.$bEnvironmental Protection Agency.$bOffice of Air Programs, 801 0$bGPO 801 1$bGPO 906 $aBOOK 912 $a9910713471903321 996 $aExhaust emissions from controlled and uncontrolled vehicles using the "Pollution Master" emission control device$93522388 997 $aUNINA LEADER 05343nam 2200793Ia 450 001 9911020047103321 005 20240903220113.0 010 $a9786612113031 010 $a9781118995990 010 $a1118995996 010 $a9781282113039 010 $a1282113038 010 $a9780470423837 010 $a0470423838 010 $a9780470423776 010 $a0470423773 035 $a(CKB)1000000000719482 035 $a(EBL)427633 035 $a(OCoLC)476269592 035 $a(SSID)ssj0000258416 035 $a(PQKBManifestationID)11939503 035 $a(PQKBTitleCode)TC0000258416 035 $a(PQKBWorkID)10256519 035 $a(PQKB)10154744 035 $a(MiAaPQ)EBC427633 035 $a(PPN)13987545X 035 $a(Perlego)1009137 035 $a(Perlego)2786223 035 $a(EXLCZ)991000000000719482 100 $a20080530d2009 uy 0 101 0 $aeng 135 $aur|n|---||||| 181 $ctxt 182 $cc 183 $acr 200 00$aThermal analysis of polymers $efundamentals and applications /$fedited by Joseph D. Menczel, R. Bruce Prime 210 $aHoboken, NJ $cJohn Wiley$dc2009 215 $a1 online resource (700 p.) 300 $aDescription based upon print version of record. 311 08$a9780471769170 311 08$a0471769177 320 $aIncludes bibliographical references and index. 327 $aTHERMAL ANALYSIS OF POLYMERS; CONTENTS; PREFACE; 1 INTRODUCTION; 2 DIFFERENTIAL SCANNING CALORIMETRY (DSC); 2.1. Introduction; 2.2. Elements of Thermodynamics in DSC; 2.3. The Basics of Differential Scanning Calorimetry; 2.4. Purity Determination of Low-Molecular-Mass Compounds by DSC; 2.5. Calibration of Differential Scanning Calorimeters; 2.6. Measurement of Heat Capacity; 2.7. Phase Transitions in Amorphous and Crystalline Polymers; 2.8. Fibers; 2.9. Films; 2.10. Thermosets; 2.11. Differential Photocalorimetry (DPC); 2.12. Fast-Scan DSC 327 $a2.13. Modulated Temperature Differential Scanning Calorimetry (MTDSC)2.14. How to Perform DSC Measurements; 2.15. Instrumentation; Appendix; Abbreviations; References; 3 THERMOGRAVIMETRIC ANALYSIS (TGA); 3.1. Introduction; 3.2. Background Principles and Measurement Modes; 3.3. Calibration and Reference Materials; 3.4. Measurements and Analyses; 3.5. Kinetics; 3.6. Selected Applications; 3.7. Instrumentation; Appendix; Abbreviations; References; 4 THERMOMECHANICAL ANALYSIS (TMA) AND THERMODILATOMETRY (TD); 4.1. Introduction; 4.2. Principles and Theory; 4.3. Instrumental; 4.4. Calibration 327 $a4.5. How to Perform a TMA Experiment4.6. Key Applications; 4.7. Selected Industrial Applications (with Details of Experimental Conditions); Appendix; Abbreviations; References; 5 DYNAMIC MECHANICAL ANALYSIS (DMA); 5.1. Introduction; 5.2. Characterization of Viscoelastic Behavior; 5.3. The Relationship between Time, Temperature, and Frequency; 5.4. Applications of Dynamic Mechanical Analysis; 5.5. Examples of DMA Characterization for Thermoplastics; 5.6. Characteristics of Fibers and Thin Films; 5.7. DMA Characterization of Crosslinked Polymers 327 $a5.8. Practical Aspects of Conducting DMA Experiments5.9. Commercial DMA Instrumentation; Appendix; Abbreviations; References; 6 DIELECTRIC ANALYSIS (DEA); 6.1. Introduction; 6.2. Theory and Background of Dielectric Analysis; 6.3. Dielectric Techniques; 6.4. Performing Dielectric Experiments; 6.5. Typical Measurements on Poly(Methyl Methacrylate) (PMMA); 6.6. Dielectric Analysis of Thermoplastics; 6.7. Dielectric Analysis of Thermosets; 6.8. Instrumentation; Appendix; Abbreviations; References; 7 MICRO- AND NANOSCALE LOCAL THERMAL ANALYSIS; 7.1. Introduction; 7.2. The Atomic Force Microscope 327 $a7.3. Scanning Thermal Microscopy7.4. Thermal Probe Design and Spatial Resolution; 7.5. Measuring Thermal Conductivity and Thermal Force-Distance Curves; 7.6. Local Thermal Analysis; 7.7. Performing a Micro/Nanoscale Thermal Analysis Experiment; 7.8. Examples of Micro/Nanoscale Thermal Analysis Applications; 7.9. Overview of Local Thermal Analysis; Abbreviations; References; INDEX 330 $aPresents a solid introduction to thermal analysis, methods, instrumentation, calibration, and application along with the necessary theoretical background.Useful to chemists, physicists, materials scientists, and engineers who are new to thermal analysis techniques, and to existing users of thermal analysis who wish expand their experience to new techniques and applicationsTopics covered include Differential Scanning Calorimetry and Differential Thermal Analysis (DSC/DTA), Thermogravimetry, Thermomechanical Analysis and Dilatometry, Dynamic Mechanical Analysis, Micro-Thermal Ana 606 $aPolymers$xAnalysis 606 $aThermal analysis 615 0$aPolymers$xAnalysis. 615 0$aThermal analysis. 676 $a543 676 $a547 676 $a547.7 676 $a547/.7046 686 $aVE 8000$2rvk 686 $aVG 7100$2rvk 686 $aVN 5520$2rvk 686 $aZM 5100$2rvk 701 $aMenczel$b Joseph D$01840628 701 $aPrime$b R. Bruce$01840629 801 0$bMiAaPQ 801 1$bMiAaPQ 801 2$bMiAaPQ 906 $aBOOK 912 $a9911020047103321 996 $aThermal analysis of polymers$94420224 997 $aUNINA LEADER 04800oas 2201609 a 450 001 9910145564903321 005 20260127110049.0 011 $a1468-3148 035 $a(OCoLC)46665962 035 $a(CONSER) 2001242059 035 $a(CKB)954925619143 035 $a(DE-599)2030830-9 035 $a(EXLCZ)99954925619143 100 $a20010404a19969999 sy 101 0 $aeng 135 $aurmnu|||||||| 181 $ctxt$2rdacontent 182 $cc$2rdamedia 183 $acr$2rdacarrier 200 00$aJournal of applied research in intellectual disabilities $eJARID 210 $a[Oxford, England] $cBlackwell Science 215 $a1 online resource 300 $aRefereed/Peer-reviewed 311 08$a1360-2322 517 3 $aJARID 606 $aLearning disabilities$vPeriodicals 606 $aIntellectual disability$vPeriodicals 606 $aLearning disabled$vPeriodicals 606 $aPeople with mental disabilities$vPeriodicals 606 $aIntellectual disability 606 $aLearning disabilities 606 $aIntellectual Disability 606 $aLearning Disabilities 606 $aTroubles de l'apprentissage$vPe?riodiques 606 $aDe?ficience intellectuelle$vPe?riodiques 606 $aPersonnes en difficulte? d'apprentissage$vPe?riodiques 606 $aPersonnes ayant une de?ficience intellectuelle$vPe?riodiques 606 $aDe?ficience intellectuelle 606 $aTroubles de l'apprentissage 606 $aintellectual disability$2aat 606 $aLearning disabilities$2fast$3(OCoLC)fst00994891 606 $aLearning disabled$2fast$3(OCoLC)fst00994912 606 $aIntellectual disability$2fast$3(OCoLC)fst01016625 606 $aPeople with mental disabilities$2fast$3(OCoLC)fst01057383 606 $aCommunication interpersonnelle$2rasuqam 606 $aHandicap intellectuel$2rasuqam 606 $aHandicape? mental$2rasuqam 606 $aInte?gration$2rasuqam 606 $aQualite? de vie$2rasuqam 606 $aRelation familiale$2rasuqam 606 $aTrouble d'apprentissage$2rasuqam 606 $aDiscapacitat intel·lectual$2thub 608 $aPeriodical. 608 $aperiodicals.$2aat 608 $aPeriodicals.$2fast 608 $aPeriodicals.$2lcgft 608 $aPe?riodique e?lectronique (Descripteur de forme)$2rasuqam 608 $aRessource Internet (Descripteur de forme)$2rasuqam 608 $aPe?riodiques.$2rvmgf 608 $aRevistes electròniques.$2thub 615 0$aLearning disabilities 615 0$aIntellectual disability 615 0$aLearning disabled 615 0$aPeople with mental disabilities 615 0$aIntellectual disability. 615 0$aLearning disabilities. 615 2$aIntellectual Disability. 615 2$aLearning Disabilities. 615 6$aTroubles de l'apprentissage 615 6$aDe?ficience intellectuelle 615 6$aPersonnes en difficulte? d'apprentissage 615 6$aPersonnes ayant une de?ficience intellectuelle 615 6$aDe?ficience intellectuelle. 615 6$aTroubles de l'apprentissage. 615 7$aintellectual disability. 615 7$aLearning disabilities. 615 7$aLearning disabled. 615 7$aIntellectual disability. 615 7$aPeople with mental disabilities. 615 7$aCommunication interpersonnelle. 615 7$aHandicap intellectuel. 615 7$aHandicape? mental. 615 7$aInte?gration. 615 7$aQualite? de vie. 615 7$aRelation familiale. 615 7$aTrouble d'apprentissage. 615 7$aDiscapacitat intel·lectual. 676 $a616.8588 712 02$aBritish Institute of Learning Disabilities, 801 0$bMYG 801 1$bMYG 801 2$bWAU 801 2$bOCLCQ 801 2$bWAU 801 2$bF#A 801 2$bOCLCS 801 2$bUQ1 801 2$bOCLCQ 801 2$bAU@ 801 2$bLGG 801 2$bOCLCQ 801 2$bBUF 801 2$bSERSO 801 2$bOCLCF 801 2$bOCLCO 801 2$bNLGGC 801 2$bOCLCQ 801 2$bOCLCO 801 2$bOCLCQ 801 2$bOCLCO 801 2$bNLE 801 2$bOCLCQ 801 2$bOCLCA 801 2$bWYU 801 2$bUKMGB 801 2$bU3W 801 2$bVT2 801 2$bOCLCO 801 2$bOCL 801 2$bOCLCO 801 2$bNJT 801 2$bOCLCA 801 2$bOCLCQ 801 2$bOCLCO 801 2$bUBY 801 2$bOCLCO 801 2$bOCLCQ 801 2$bCUS 801 2$bAUD 801 2$bOCLCL 801 2$bSXB 801 2$bOCLCL 801 2$bOCLCQ 906 $aJOURNAL 912 $a9910145564903321 996 $aJournal of applied research in intellectual disabilities$92151279 997 $aUNINA